| 000 | 00545nam a2200181Ia 4500 | ||
|---|---|---|---|
| 003 | SGT | ||
| 020 | _a9780074517963 | ||
| 082 |
_a620.11 _bNAR |
||
| 100 | _aNarula, G. K. | ||
| 245 | _aMaterials Science | ||
| 260 |
_bTata McGraw Hill Education Private Limited _aNew Delhi _c2011 |
||
| 300 | _a392p. | ||
| 650 | _aENGINEERING AND ALLIED OPERATIONS , | ||
| 653 | _aMECHANICAL ENGINEERING ,ATOMIC STRUCTUR AND ELECTRONIC CONFIGURATION , CRYSTAL GEOMETRY AND STRUCTURE | ||
| 700 | _aGupta, V. K. | ||
| 700 | _aNarula,K.S. | ||
| 942 |
_2ddc _cBK _018 |
||
| 999 |
_c5311 _d5311 |
||